Statistics for Where is this city #3

Click here to take the quiz!

General Stats

  • This quiz has been taken 1,116 times
    (1,108 since last reset)
  • The average score is 11 of 16

Answer Stats

CityCountry% Correct
OsakaJapan
97%
BrisbaneAustralia
96%
KathmanduNepal
90%
AsuncionParaguay
83%
LinzAustria
79%
JeddahSaudi Arabia
76%
KielGermany
75%
EindhovenThe Netherlands
74%
HarareZimbabwe
70%
BenghaziLibya
69%
ManaguaNicaragua
69%
KazanRussia
65%
RijekaCroatia
51%
MississaugaCanada
50%
DebrecenHungary
47%
BragaPortugal
45%

Score Distribution

Percentile by Number Answered

Percent of People with Each Score

Your Score History

You have not taken this quiz since the last reset